• 首页
  • 本馆介绍
  • 公告通知
  • 最新文献
  • 馆藏检索
  • 电子资源
  • 读者导购
  • 参考咨询
  • 我的图书馆
  • 登录
  • 详细信息显示
  • 放入我的书架
  • 预约/预借图书
  • 作者相关作品
  • 分类相关作品
  • 丛书相关作品
  • 出版社相关作品

书目信息

  • 表格格式
  • 工作单格式
  • 卡片格式
题名:
中国旅游地理
    
 
作者: 庞规荃 编著
分册:  
出版信息: 北京   旅游教育出版社  2003
页数: 220页
开本: 23cm
丛书名:
单 册:
中图分类: F592.99
科图分类:
主题词: 旅游经济
电子资源:
ISBN: 7-5637-0682-8
000 00767nam0 2200229 450
001 0757477214
005 20070717095122.75
010    @a7-5637-0682-8@dCNY21.00
100    @a20070715d2003 km y0chiy0120 ea
101 0  @achi
102    @aCN@b110000
200 1  @a中国旅游地理@Azhong guo lu you di li@f庞规荃编著@Fpang gui quan bian zhu
205    @a3版
210    @a北京@c旅游教育出版社@d2003
215    @a220页@d23cm
300    @a全国高等院校旅游专业系列教材
330    @a本书分旅游地理概论、中国旅游地理总论和中国旅游地理分区三编。书中分别阐述了旅游资源、旅游开发、中国的自然旅游资源、旅游地理区划等诸多内容。
606 0  @a旅游经济
690    @aF592.99@v3
701  0 @a庞规荃@Apang gui quan@4编著
801  0 @aCN@bPFT@c20070717
905    @a10447@dF592.99@e154=3
    
    中国旅游地理/庞规荃编著.-3版.-北京:旅游教育出版社,2003
    220页;23cm
    全国高等院校旅游专业系列教材
    
    ISBN 7-5637-0682-8:CNY21.00
    本书分旅游地理概论、中国旅游地理总论和中国旅游地理分区三编。书中分别阐述了旅游资源、旅游开发、中国的自然旅游资源、旅游地理区划等诸多内容。
●
相关链接 在E读中查询图书 在五车中查询图书 在当当中查询图书 在豆瓣中查询图书


正题名:中国旅游地理     索取号:F592.99/154=3         预约/预借

序号 登录号 条形码 馆藏地/架位号 状态 备注
1 0778253   207782531   第一样本阅览室/ [索取号:F592.99/154=3] 在馆    
唐山师范学院图书馆 欢迎您!
大连网信软件有限公司© 版权所有